[Event "KOS-chT"]
[Site "Pristina"]
[Date "2025.05.29"]
[Round "7.23"]
[White "Dobraj, Bleron"]
[Black "Dilji, Emell"]
[Result "0-1"]
[WhiteElo "2071"]
[BlackElo "1823"]
[PlyCount "120"]
[EventDate "2025.05.24"]
[EventType "team-tourn"]
[EventRounds "7"]
[EventCountry "KOS"]
[SourceTitle "CB23_2025"]
[SourceDate "2025.06.04"]
[SourceVersion "1"]
[SourceVersionDate "2025.06.04"]
[SourceQuality "1"]
[WhiteTeam "Pristina"]
[BlackTeam "Zhupa"]
[WhiteTeamCountry "KOS"]
[BlackTeamCountry "KOS"]

1. e4 e5 2. Bc4 Nc6 3. d3 Nf6 4. f4 Bc5 5. Nf3 d6 6. Nc3 exf4 7. Bxf4 Bg4 8. Qd2 Bxf3 9. gxf3 Ne5 10. Bxe5 dxe5 11. Qg5 Qd4 12. 0-0-0 Qe3+ 13. Qxe3 Bxe3+ 14. Kb1 c6 15. Rhe1 Bf4 16. h4 Rd8 17. Ne2 Nh5 18. c3 a5 19. a4 Ke7 20. d4 f6 21. Rg1 Be3 22. Rg4 g6 23. Rd3 Bh6 24. Rd1 Be3 25. Kc2 Rhf8 26. Rg2 Nf4 27. Nxf4 Bxf4 28. h5 g5 29. Rd3 h6 30. Rg1 Rd6 31. Rgd1 Rfd8 32. dxe5 Bxe5 33. Rb1 Rb8 34. b4 b5 35. axb5 cxb5 36. Rxd6 Bxd6 37. Bd5 a4 38. Kb2 Be5 39. Rc1 Rb6 40. Ka3 Rb8 41. c4 Rc8 42. Rc2 Rc7 43. Rc1 Bf4 44. Rc2 Be5 45. Ka2 Bd6 46. Ka3 Be5 47. Re2 bxc4 48. Rc2 c3 49. b5 Bd4 50. Kxa4 Kd6 51. Kb4 Ke5 52. Bc6 Kf4 53. Kc4 Be5 54. Rxc3 Bxc3 55. Kxc3 Ke5 56. Kb4 Kd6 57. Bd5 Rc1 58. b6 Rb1+ 59. Kc4 Rxb6 60. Kd3 Ke5 0-1

[Event "KOS-chT"]
[Site "Pristina"]
[Date "2025.05.28"]
[Round "6.23"]
[White "Qorri, Fatmir"]
[Black "Dilji, Emell"]
[Result "0-1"]
[WhiteElo "1985"]
[BlackElo "1823"]
[PlyCount "92"]
[EventDate "2025.05.24"]
[EventType "team-tourn"]
[EventRounds "7"]
[EventCountry "KOS"]
[SourceTitle "CB23_2025"]
[SourceDate "2025.06.04"]
[SourceVersion "1"]
[SourceVersionDate "2025.06.04"]
[SourceQuality "1"]
[WhiteTeam "Drenasi"]
[BlackTeam "Zhupa"]
[WhiteTeamCountry "KOS"]
[BlackTeamCountry "KOS"]

1. d4 Nf6 2. c4 e6 3. Nc3 d5 4. Nf3 Nbd7 5. e3 Be7 6. cxd5 exd5 7. Qb3 c6 8. a4 Qb6 9. Qc2 a5 10. Be2 0-0 11. 0-0 Re8 12. h3 Bd6 13. Bd3 Nf8 14. e4 dxe4 15. Nxe4 Nxe4 16. Bxe4 Ng6 17. Be3 Qc7 18. Rfe1 Be6 19. Rac1 Qd7 20. Ng5 Bd5 21. Bxd5 cxd5 22. Nf3 Bb4 23. Red1 Rac8 24. Qb3 Qf5 25. Rxc8 Rxc8 26. Ne5 Qc2 27. Qxc2 Rxc2 28. Nd3 Bd6 29. Rb1 f5 30. g3 h5 31. h4 f4 32. gxf4 Nxh4 33. Rc1 Rxc1+ 34. Nxc1 Kf7 35. Nd3 Kf6 36. Kf1 Kf5 37. Ke2 b6 38. Bd2 Ng6 39. Kf3 h4 40. Ne5 Nxe5+ 41. dxe5 Bc5 42. b3 d4 43. e6 Kxe6 44. Ke4 g6 45. Bc1 h3 46. Kf3 d3 0-1

[Event "KOS-chT"]
[Site "Pristina"]
[Date "2025.05.24"]
[Round "1.6"]
[White "Ermeni, Avni"]
[Black "Dilji, Emell"]
[Result "1-0"]
[WhiteElo "2114"]
[BlackElo "1823"]
[PlyCount "45"]
[EventDate "2025.05.24"]
[EventType "team-tourn"]
[EventRounds "7"]
[EventCountry "KOS"]
[SourceTitle "CB23_2025"]
[SourceDate "2025.06.04"]
[SourceVersion "1"]
[SourceVersionDate "2025.06.04"]
[SourceQuality "1"]
[WhiteTeam "Drejtesia Trokadero"]
[BlackTeam "Zhupa"]
[WhiteTeamCountry "KOS"]
[BlackTeamCountry "KOS"]

1. e4 e5 2. Nf3 Nc6 3. Bc4 Nf6 4. d3 h6 5. c3 d5 6. exd5 Nxd5 7. h3 Be7 8. 0-0 0-0 9. Re1 Bf6 10. Nbd2 Bf5 11. Ne4 Bxe4 12. Rxe4 Nde7 13. Bb3 Ng6 14. Qe2 Qd6 15. Be3 Rad8 16. Rd1 Nce7 17. d4 Qc6 18. Bc2 exd4 19. Nxd4 Bxd4 20. Rexd4 Rxd4 21. Rxd4 Qe6 22. Bb3 Qc6 23. Rc4 1-0

[Event "Pristina Balkan op-B"]
[Site "Pristina"]
[Date "2024.06.19"]
[Round "8"]
[White "Gerguri, Arsim"]
[Black "Dilji, Emell"]
[Result "0-1"]
[WhiteElo "1978"]
[BlackElo "1845"]
[PlyCount "111"]
[EventDate "2024.06.14"]
[EventType "swiss"]
[EventRounds "9"]
[EventCountry "KOS"]
[SourceTitle "CBM 221 Extra"]
[Source "ChessBase"]
[SourceDate "2024.09.30"]
[SourceVersion "1"]
[SourceVersionDate "2024.09.30"]
[SourceQuality "1"]

1. e4 e5 2. Nf3 Nc6 3. Bb5 Nge7 4. c3 g6 5. d4 exd4 6. cxd4 d5 7. e5 Bg7 8. Nc3 0-0 9. h3 f6 10. exf6 Bxf6 11. 0-0 Qd6 12. Bh6 Rf7 13. Qd2 Nf5 14. Bf4 Qd8 15. Ne5 Bxe5 16. dxe5 Ncd4 17. Bg5 Qf8 18. Bd3 c6 19. Bxf5 Nxf5 20. Rfe1 Be6 21. Ne2 Re8 22. Bf6 Nd6 23. Ng3 Nc4 24. Qc2 Nb6 25. Rad1 Nd7 26. Bg5 Qg7 27. Qc3 h6 28. Bc1 Rfe7 29. f4 Bf5 30. Nxf5 gxf5 31. Rd3 Re6 32. Rg3 Rg6 33. Rxg6 Qxg6 34. Re3 Kh7 35. Rg3 Qe6 36. Qa5 Qe7 37. Qxa7 Nc5 38. Rc3 Ne4 39. Rb3 b5 40. Qb6 Qh4 41. Qe3 Rg8 42. Qe2 Qe7 43. Be3 Qh4 44. a4 bxa4 45. Rb7+ Rg7 46. Rxg7+ Kxg7 47. Bd2 Qg3 48. Qe3 Qxe3+ 49. Bxe3 c5 50. g4 d4 51. Bf2 d3 52. Kf1 d2 53. Ke2 Nxf2 54. Kxd2 fxg4 55. hxg4 Nxg4 56. Ke2 0-1

[Event "Pristina Balkan op-B"]
[Site "Pristina"]
[Date "2024.06.15"]
[Round "2"]
[White "Jusufi, Ahmet"]
[Black "Dilji, Emell"]
[Result "1-0"]
[WhiteElo "1925"]
[BlackElo "1845"]
[PlyCount "65"]
[EventDate "2024.06.14"]
[EventType "swiss"]
[EventRounds "9"]
[EventCountry "KOS"]
[SourceTitle "CBM 221 Extra"]
[Source "ChessBase"]
[SourceDate "2024.09.30"]
[SourceVersion "1"]
[SourceVersionDate "2024.09.30"]
[SourceQuality "1"]

1. b3 Nf6 2. f4 e6 3. Nf3 d5 4. Bb2 Bd6 5. e3 Nbd7 6. Be2 Qe7 7. 0-0 c6 8. h3 e5 9. fxe5 Nxe5 10. Nd4 g6 11. Qe1 Ne4 12. Nc3 Ng5 13. Bf3 0-0 14. h4 Ngxf3+ 15. Nxf3 Nxf3+ 16. Rxf3 Bg4 17. Rf1 Qe5 18. Rf4 Qh5 19. Rf1 Rae8 20. Qf2 f5 21. g3 g5 22. hxg5 Qxg5 23. Kg2 Re6 24. Rh1 Rg6 25. Rag1 f4 26. exf4 Bxf4 27. gxf4 Rxf4 28. Qg3 Qf5 29. Rf1 Bh3+ 30. Rxh3 Rxg3+ 31. Rxg3+ Kf8 32. Rxf4 Qxf4 33. Rf3 1-0